LEADER 02411nam0 22004933i 450 001 VAN0189611 005 20230613091849.795 017 70$2N$a9783319457840 100 $a20210721d2017 |0itac50 ba 101 $aeng 102 $aCH 105 $a|||| ||||| 200 1 $aLieb-Robinson Bounds for Multi-Commutators and Applications to Response Theory$fJ.-B. Bru, W. de Siqueira Pedra 210 $aCham$cSpringer$d2017 215 $avii, 109 p.$d24 cm 410 1$1001VAN0104274$12001 $aSpringerBriefs in Mathematical Physics$1210 $aBerlin [etc.]$cSpringer$v13 500 1$3VAN0189614$aLieb-Robinson Bounds for Multi-Commutators and Applications to Response Theory$91831896 606 $a47D06$xOne-parameter semigroups and linear evolution equations [MSC 2020]$3VANC020305$2MF 606 $a58D25$xEquations in function spaces; evolution equations [MSC 2020]$3VANC021778$2MF 606 $a34G10$xLinear differential equations in abstract spaces [MSC 2020]$3VANC024588$2MF 606 $a82Cxx$xTime-dependent statistical mechanics (dynamic and nonequilibrium) [MSC 2020]$3VANC025543$2MF 610 $aAC-conductivity measure$9KW:K 610 $aConstructive Quantum Field Theory$9KW:K 610 $aFermion Fock spaces$9KW:K 610 $aInteracting fermions$9KW:K 610 $aLattice Fermi$9KW:K 610 $aMinimally connected graph$9KW:K 610 $aParamagnetic conductivity$9KW:K 610 $aPerturbed autonomous dynamics$9KW:K 610 $aQuantum spin systems$9KW:K 610 $aQuantum spins on lattices$9KW:K 610 $aRepresentation Theory$9KW:K 620 $aCH$dCham$3VANL001889 700 1$aBru$bJean-Bernard$3VANV168729$0823048 701 1$ade Siqueira Pedra$bWalter$3VANV168730$0823049 712 $aSpringer $3VANV108073$4650 801 $aIT$bSOL$c20240614$gRICA 856 4 $uhttp://doi.org/10.1007/978-3-319-45784-0$zE-book ? Accesso al full-text attraverso riconoscimento IP di Ateneo, proxy e/o Shibboleth 899 $aBIBLIOTECA DEL DIPARTIMENTO DI MATEMATICA E FISICA$1IT-CE0120$2VAN08 912 $fN 912 $aVAN0189611 950 $aBIBLIOTECA DEL DIPARTIMENTO DI MATEMATICA E FISICA$d08CONS e-book 3171 $e08eMF3171 20210721 996 $aLieb-Robinson Bounds for Multi-Commutators and Applications to Response Theory$91831896 997 $aUNICAMPANIA LEADER 01050nam a2200277 i 4500 001 991003351169707536 005 20241031230201.0 008 980312s1974 it er ||1 e ita d 035 $ab11148457-39ule_inst 035 $aPARLA180194$9ExL 040 $aDip.to Filosofia$bita$dSocioculturale Scs 041 0 $aita 082 04$a853.91408$223 245 00$aIntroduzione al neorealismo :$bi narratori /$ca cura di Gian Carlo Ferretti 260 $aRoma :$bEditori riuniti,$c1974 300 $a176 p. ;$c19 cm 490 1 $aStrumenti per la ricerca interdisciplinare ;$v7 650 4$aNarrativa italiana$xNeorealismo$vAntologie 700 1 $aFerretti, Gian Carlo 830 0$aStrumenti per la ricerca interdisciplinare ;$v7 907 $a.b11148457$b23-02-17$c28-06-02 912 $a991003351169707536 945 $aLE005 FONDO SEMERARO 86$g1$i2005000011641$lle005$o-$pE0.00$q-$rl$s-$t0$u0$v0$w0$x0$y.i11289545$z28-06-02 996 $aIntroduzione al neorealismo$9133146 997 $aUNISALENTO 998 $ale005$b01-01-98$cm$da$e-$fita$git$h0$i1